| 000 | 00504nam a2200205Ia 4500 | ||
|---|---|---|---|
| 003 | OSt | ||
| 005 | 20140312101610.0 | ||
| 008 | 140130s9999 xx 000 0 und d | ||
| 020 | _a9780439420051 | ||
| 050 |
_aPZ 7 _b.In61Sp 2002 |
||
| 100 | _aIntrater, Roberta Grobel. | ||
| 245 |
_cRoberta Grobel Intrater. _aSplash! / |
||
| 260 |
_bScholastic, _c2002. _aUSA : |
||
| 300 |
_a15 p. : _bcol. ill. ; _c16 cm. |
||
| 440 | _v1 | ||
| 521 | _aG1 | ||
| 526 | _c210 | ||
| 942 |
_cBK _2lcc |
||
| 999 |
_c41854 _d41854 |
||